000 nam a22 a 4500
999 _c429081
_d429081
003 BLK
005 20230313111144.0
008 210813b bu |||||r|||| 00| | bu d
040 _aBLK
041 _aRUS
_cRUS
080 _aРуска литература
_b821.161.1
_x-4
_z821.161.1-4
100 _91299
_aСалтыков-Щедрин, Михаил Евграфович
_eпърви автор
139 _aСалтыков-Щедрин, Михаил Евграфович
245 _aМелочи жизни
_cМ.Е. Салтыкова (Щедрина)
_bЧ. 1-2. : [Очерки]
_nЧ. 1
260 _9462655
_aС.-Петербург
_bтип. М.М. Стасюлевича
_c1887
300 _c23 см.
380 _aX
490 _9435080
_aКолекция Редки и ценни издания
760 _dС.-Петербург, 1887
_h219 с.
_oЧ. 1
852 _aРр 887
_bРц
856 _i0.00
_ldisable
942 _cKNG
_n0
_s1
944 _aCR
_c2021-08-19
_kВК
999 _d429081